[Event "Roncana op-C 9th"]
[Site "Santa Eulalia de Roncana"]
[Date "2015.10.17"]
[Round "2"]
[White "Collantes Paredes, Marc"]
[Black "Marquez Alavarez, Joel"]
[Result "0-1"]
[WhiteElo "1678"]
[BlackElo "1400"]
[PlyCount "52"]
[EventDate "2015.10.03"]
[EventType "swiss"]
[EventRounds "8"]
[EventCountry "ESP"]
[SourceTitle "EXT 2017"]
[Source "ChessBase"]
[SourceDate "2016.10.25"]
[SourceVersion "1"]
[SourceVersionDate "2016.10.25"]
[SourceQuality "1"]

1. e4 e5 2. Nf3 Nc6 3. Bc4 Nf6 4. Nc3 Bb4 5. d3 Bxc3+ 6. bxc3 0-0 7. 0-0 d6 8. Bg5 Bg4 9. Bxf6 Qxf6 10. Bb5 Bxf3 11. gxf3 Rfe8 12. Kh1 Re6 13. Bc4 Ree8 14. Rg1 Qh4 15. Qf1 Na5 16. Bb5 Re6 17. Bd7 Rh6 18. h3 Rd8 19. Bg4 Rf8 20. c4 b6 21. c3 c6 22. d4 Nxc4 23. Kh2 Nd2 24. Qa6 Qxf2+ 25. Kh1 Nxf3 26. Raf1 Qh2# 0-1